Estadísticas para futbolistas neerlandeses con más partidos en la historia de la liga

Haz click aquí para intentar la prueba.

Estadísticas generales

  • Esta prueba ha sido intentada 70 veces
  • La puntuación promedio es 7 de 14

Estadísticas de respuestas

Años en La LigaClub/ ClubesPartidosJugador% Correcto
1973-1978FC Barcelona139Cruyff
91%
2019-ActualidadFC Barcelona131De Jong
91%
2019-2022Sevilla FC/ FC Barcelona90De Jong
91%
1989-1995FC Barcelona192Koeman
77%
1998-2004/ 2005-2006FC Barcelona/ Valencia CF192Kluivert
55%
2006-2010/ 2011-2012Real Madrid/ Málaga CF96Van Nistelrooy
52%
1999-2003FC Barcelona133De Boer
44%
1996-2000Real Madrid121Seedorf
36%
1997-2003CD Tenerife/ RC Deportivo205Maakay
33%
1974-1979FC Barcelona140Neeskens
27%
2000-2004FC Barcelona97Overmars
25%
2003-2007FC Barcelona105Van Bronckhorst
17%
2008-2014Valencia CF/ Sevilla FC102Maduro
13%
1997-2000FC Barcelona95Hesp
3%

Distribución de puntuación

Porcentaje por número respondido

Porcentaje de gente con cada puntuación

Historial de tus puntuaciones

No has intentado esta prueba.